Online Catalogue and eLibrary

Chatterly aryawa nadu vibhagaya Prakashana nidahasa saha sadachara sevanella (Record no. 5089)

MARC details
000 -LEADER
fixed length control field 00468nam a2200157Ia 4500
005 - DATE AND TIME OF LATEST TRANSACTION
control field 20250624031332.0
008 - FIXED-LENGTH DATA ELEMENTS--GENERAL INFORMATION
fixed length control field 240331s9999 xx 000 0 und d
020 ## - INTERNATIONAL STANDARD BOOK NUMBER
ISBN 9552011647
082 ## - DDC Classification
Item Number - Author Mark WIC
Class No. 346
100 ## - MAIN ENTRY--PERSONAL NAME
Personal name Wicramaarachchi,S
245 #0 - TITLE STATEMENT
Title Chatterly aryawa nadu vibhagaya Prakashana nidahasa saha sadachara sevanella
260 ## - PUBLICATION, DISTRIBUTION, ETC.
Place of publication, distribution, etc. Colombo
Name of publisher, distributor, etc. S. Godage & Brothers
Date of publication, distribution, etc. 1994
300 ## - PHYSICAL DESCRIPTION
Extent (e.g. Volumes, Pages etc.) 184 p .,
500 ## - GENERAL NOTE
General note Freedom of expression and the moral shadow
942 ## - Koha item type (Biblio)
Koha item type Books in Stacks (Lending)
Holdings
Lost status Damaged status Collection code Home library Current library Shelving location Date acquired Full call number Accession Number Item type
    Lending WERC Library WERC Library Social Science Cupboard 03/31/2024 340.0134 WIC 3825 Books in Stacks (Lending)

© WERC Library